Quiz o Węgrowie - Statystyki

Ogólne statystyki
  • Ten quiz został rozwiązany 4 razy
  • Średni wynik to 9 z 13
Statystyki odpowiedzi
Wskazówka Odpowiedź % Poprawnych
W jakim państwie leżał Węgrów po III rozbiorze? Austria
100%
Gminy, których siedzibą jest Węgrów gmina miejska {Węgrów}
100%
Województwo, w którym leżał Węgrów w latach 1975-1998 siedleckie
100%
Klub piłkarski tego miasta Czarni Węgrów
67%
Rzeki/strugi, które przepływają przez to miasto Czerwonka
67%
Gminy, których siedzibą jest Węgrów gmina wiejska {Liw }
67%
Który prezydent Polski w bazylice węgrowskiej wziął ślub? Lech Wałęsa
67%
Rzeki/strugi, które przepływają przez to miasto Liwiec
67%
Województwo, w którym leżał Węgrów przed II wojną światową lubelskie
67%
Obniżenie, w którym leży miasto Obniżenie {Węgrowskie}
67%
Historyczna kraina, na której leży Węgrów Podlasie
67%
Wiek, w którym Węgrów dostał prawa miejskie XV
67%
Burmistrz Węgrowa Paweł Marchela
33%
Nie znaleziono quizów pasujących do podanych kryteriów
Rozkład punktacji
Procent ludzi z każdym wynikiem
Percentyl według liczby udzielonych odpowiedzi
Twoja historia wyników
Nie rozwiązałeś tego quizu